000 00283nam a2200121Ia 4500
008 211105s9999 xx 000 0 und d
020 _aVYASA10118
100 _aGregory Robert J.
245 0 _aPsychological Testing
250 _a4th
260 _bPearson Education
_c\N
300 _a654
999 _c9789
_d9789